Welcome to the Holygrace Academy Library

Please use search bar below to get started

HEIDI (Record no. 3907)

MARC details
000 -LEADER
fixed length control field 00601nam a22001457a 4500
020 ## - INTERNATIONAL STANDARD BOOK NUMBER
ISBN 978-81-7381-7223
082 ## - DEWEY DECIMAL CLASSIFICATION NUMBER
Classification number 823
Item number SPY/H
100 ## - MAIN ENTRY--AUTHOR NAME
Personal name SPYRI, JOHANNA
245 ## - TITLE STATEMENT
Title HEIDI
260 ## - PUBLICATION, DISTRIBUTION, ETC. (IMPRINT)
Place of publication KOLKATA
Name of publisher NEW CENTRAL BOOK AGENCY
Year of publication 2012
300 ## - PHYSICAL DESCRIPTION
Number of Pages 280
520 ## - SUMMARY, ETC.
Summary, etc Heidi by Johanna Spyri is a story about a young orphan girl who is sent to live with her grandfather in the Swiss Alps. This story was very enjoyable and enchanting to read, and I particularly liked reading about the day-to-day activities that occurred in the Alps, and the people who Heidi met.
650 ## - SUBJECT ADDED ENTRY--TOPICAL TERM
Topical Term NOVEL
Geographic subdivision INDIA
942 ## - ADDED ENTRY ELEMENTS (KOHA)
Koha item type Books
Holdings
Withdrawn status Lost status Collection code Home library Current library Shelving location Date acquired Source of acquisition Cost, normal purchase price Full call number Accession Number Koha item type
    Reference Main Library Main Library SHELF-14-L- ALPHABETICAL- S --ENGLISH NOVELS & FICTIONS 08/11/2012 purchase 65.00 823 SPY/H 07125 Books